Étude pour l'aire latino-américaine - Statistiques

Statistiques générales
  • Ce quiz a été pris 43 fois
  • Le résultat moyen est 27 sur 47
Statistiques - réponses
Hint Réponse % Correct
Capitale du Mexique Mexico
95%
Capitale de l'Uruguay Montevideo
85%
Capitale du Costa Rica San José
85%
Chaine de montagne sur la côte ouest de l'Amérique du Sud
Cordillères des Andes
80%
Capitale de Cuba La Havane
80%
Capitale du Panama Panama
80%
Capitale d'Haiti Port-au-Prince
80%
Capitale de la Colombie Bogota
75%
Capitale de l'Argentine Buenos Aires
75%
Capitale du Venezuela Caracas
75%
Capitale du Pérou Lima
75%
Climat du Mexique et de l'Amérique centrale Tropical
75%
Ville importante au sud de la capitale du Mexique Oaxaca de Juarez
70%
Capitale de l'Équateur Quito
70%
Capitale du Chili Santiago
70%
Ville importante au Pérou Cuzco
65%
Climat au Chili et au Pérou Montagnard
65%
Ville importante au Brésil, à l'est de l'autre ville brésilienne à l'étude Rio de Janeiro
65%
Ville importante au Brésil considérée comme le centre financier Sao Paulo
65%
Fleuve traversant le Brésil, la Colombie et le Pérou Amazone
60%
Volcan à environ 50km au sud de la capitale de l'Équateur Cotopaxi
60%
Climat du Venezuela, du Brésil, de la Colombie, de l'Équateur et du Pérou Équatorial
60%
Lac au Nicaragua Nicaragua
60%
Chaine de montagnes mexicaine Sierra Madre occidentale
60%
Ville importante à l'est de la capitale de Cuba, situé au centre de l'ile Trinidad
60%
Désert au Chili et au Pérou Atacama
55%
Zone désertique en Amérique centrale Corredor Seco
55%
Autre nom pour le lac Buenos Aires General Carrera
50%
Lac en Bolivie Poopo
50%
Ville importante de l'Honduras San Pedro Sula
50%
Lac au Pérou et en Bolivie Titicaca
50%
Lac au Chili et en Argentine Lac Buenos Aires
45%
Volcan en Colombie Nevado del Ruiz
45%
Estuaire commun à l'Uruguay et l'Argentine Rio de la Plata
45%
Fleuve au Mexique Rio Usumacinta
45%
Volcan au Costa Rica Arenal
40%
Lac au nord du lac Nicaragua Managua
40%
Volcan au Pérou Ubinas
40%
Un des volcans les plus actifs du Chili, légèrement plus au sud que l'autre volcan à l'étude Villarrica
40%
Fleuve en Honduras
Rio Ulua
35%
Lac en Argentine Nahuel Huapi
35%
Volcan au Guatemala Pacaya
35%
Fleuve au Brésil et en Argentine Rio Parana
35%
Volcan au Chili Llaima
30%
Fleuve au Brésil Rio Sao Francisco
25%
Situé au Guatemala, plus grand fleuve d'Amérique centrale Lempa
20%
Volcan en Équateur Tungurahua
20%
Aucun quiz correspondant
Distribution des résultats
% des personnes avec chaque résultat
Percentile par nombre de réponses
Votre historique - résultats
Vous n’avez pas pris ce quiz